[Event "NED-ch U13"]
[Site "Rijswijk"]
[Date "2005.05.05"]
[Round "2"]
[White "Terlouw, Mario"]
[Black "Brunekreef, Tammo"]
[Result "1/2-1/2"]
[WhiteElo "1526"]
[BlackElo "1399"]
[PlyCount "65"]
[EventDate "2005.05.05"]
[EventType "swiss"]
[EventRounds "9"]
[EventCountry "NED"]
[SourceTitle "EXT 2013"]
[Source "ChessBase"]
[SourceDate "2012.11.22"]
[SourceVersion "1"]
[SourceVersionDate "2012.11.22"]
[SourceQuality "1"]

1. e4 e6 2. d4 d5 3. exd5 exd5 4. Bd3 Nc6 5. Ne2 Bg4 6. f3 Be6 7. Bf4 Bd6 8. Bxd6 Qxd6 9. Nd2 Nge7 10. Nb3 Bf5 11. Qd2 Qg6 12. Bxf5 Nxf5 13. g4 Nfe7 14. 0-0-0 a5 15. Rde1 b6 16. Nf4 Qd6 17. Nd3 a4 18. Na1 Nxd4 19. Qe3 c5 20. c3 Ndc6 21. Nc2 Kd7 22. Rd1 Rhe8 23. c4 Kc7 24. cxd5 Nxd5 25. Qf2 Nf4 26. Nxf4 Qxf4+ 27. Qd2 Qxd2+ 28. Rxd2 Re7 29. Rf1 Rae8 30. f4 Na5 31. Na3 Kc6 32. Rfd1 Kb7 33. Nb5 1/2-1/2